The quick resume and cover letter book : Write and use an effective resume in only one day
The book presents how to create a resume in few hours, thorough directions for more sophisticated resume designs, over 60 sample resumes of all types, resumes arranged in easy-to-find categories, notes on each resume highlighting features and techniques, and good examples and solid advice on cover l...
Na minha lista:
| Autor principal: | |
|---|---|
| Formato: | Livro |
| Idioma: | Undetermined |
| Publicado em: |
Indianapolis, India
JIST Works
1994
|
| Assuntos: | |
| Tags: |
Adicionar Tag
Sem tags, seja o primeiro a adicionar uma tag!
|
| Thư viện lưu trữ: | Trung tâm Học liệu Trường Đại học Cần Thơ |
|---|
| LEADER | 00925nam a2200217Ia 4500 | ||
|---|---|---|---|
| 001 | CTU_32554 | ||
| 008 | 210402s9999 xx 000 0 und d | ||
| 020 | |b 156.500đ | ||
| 082 | |a 808.06665 | ||
| 082 | |b F239 | ||
| 100 | |a Farr, Michael J. | ||
| 245 | 4 | |a The quick resume and cover letter book : | |
| 245 | 0 | |b Write and use an effective resume in only one day | |
| 245 | 0 | |c Michael J Farr | |
| 260 | |a Indianapolis, India | ||
| 260 | |b JIST Works | ||
| 260 | |c 1994 | ||
| 520 | |a The book presents how to create a resume in few hours, thorough directions for more sophisticated resume designs, over 60 sample resumes of all types, resumes arranged in easy-to-find categories, notes on each resume highlighting features and techniques, and good examples and solid advice on cover letters | ||
| 650 | |a Cover letters,Resumes ( employment ) | ||
| 904 | |i Minh | ||
| 980 | |a Trung tâm Học liệu Trường Đại học Cần Thơ | ||